Resolving conflicts through mediation in Kenya / (Record no. 4012)

000 -LEADER
fixed length control field 00606nam a22002057a 4500
003 - CONTROL NUMBER IDENTIFIER
control field OSt
005 - DATE AND TIME OF LATEST TRANSACTION
control field 20180816153346.0
008 - FIXED-LENGTH DATA ELEMENTS--GENERAL INFORMATION
fixed length control field 140831b xxu||||| |||| 00| 0 eng d
020 ## - INTERNATIONAL STANDARD BOOK NUMBER
International Standard Book Number 9789966046017
050 ## - LIBRARY OF CONGRESS CALL NUMBER
Classification number KD7646.M85 2017
100 ## - MAIN ENTRY--PERSONAL NAME
Personal name Muigua, Kariuki
245 ## - TITLE STATEMENT
Title Resolving conflicts through mediation in Kenya /
Statement of responsibility, etc Kariuki Muigua
250 ## - EDITION STATEMENT
Edition statement 2nd Ed.
260 ## - PUBLICATION, DISTRIBUTION, ETC. (IMPRINT)
Place of publication, distribution, etc Nairobi :
Name of publisher, distributor, etc Glenwood Publishers Limited ,
Date of publication, distribution, etc 2017.
300 ## - PHYSICAL DESCRIPTION
Extent xv, 205 p.
504 ## - BIBLIOGRAPHY, ETC. NOTE
Bibliography, etc Includes bibliography and index.
650 ## - SUBJECT ADDED ENTRY--TOPICAL TERM
Topical term or geographic name as entry element Arbitration
Geographic subdivision Kenya
650 ## - SUBJECT ADDED ENTRY--TOPICAL TERM
Topical term or geographic name as entry element Dispute resolution (Law)
Geographic subdivision Kenya
942 ## - ADDED ENTRY ELEMENTS (KOHA)
Source of classification or shelving scheme
Koha item type Book
Holdings
Withdrawn status Lost status Source of classification or shelving scheme Damaged status Not for loan Home library Current library Shelving location Date acquired Total Checkouts Total Renewals Full call number Barcode Date last seen Date checked out Copy number Price effective from Koha item type
          Riara University Library Riara University Library General stack 16/08/2018 2 1 KD7646.M85 2017 10047/18 23/07/2019 10/06/2019 C.1 16/08/2018 Book
          Riara University Library Riara University Library General stack 16/08/2018 5 1 KD7646.M85 2017 10048/18 30/08/2024 14/08/2024 C.2 16/08/2018 Book
          Riara University Library Riara University Library General stack 27/01/2020     KD7646.M85 2017 10336/2020 27/01/2020   C.3 27/01/2020 Book
          Riara University Library Riara University Library General stack 27/01/2020 1   KD7646.M85 2017 10337/2020 25/09/2020 27/01/2020 C.4 27/01/2020 Book
          Riara University Library Riara University Library General stack 28/10/2020     KD7646.M85 2017 10445/20 28/10/2020   C.5 28/10/2020 Book
          Riara University Library Riara University Library General stack 28/10/2020     KD7646.M85 2017 10446/20 28/10/2020   C.6 28/10/2020 Book
          Riara University Library Riara University Library General stack 28/10/2020     KD7646.M85 2017 10447/20 28/10/2020   C.7 28/10/2020 Book

Riara University Library,
P.O. Box 49940-00100,
Nairobi, Kenya.